书目信息 |
| 题名: |
二十四日
|
|
| 作者: | 安意如, 著 | |
| 分册: | ||
| 出版信息: | 北京 中华书局 2021.09 |
|
| 页数: | 276页, [12] 页图版 | |
| 开本: | 22cm | |
| 丛书名: | ||
| 单 册: | ||
| 中图分类: | P462-49 , K892.18 | |
| 科图分类: | ||
| 主题词: | 二十四节气--er shi si jie qi--风俗习惯--中国--通俗读物 | |
| 电子资源: | ||
| ISBN: | 978-7-101-15321-7 | |
| 000 | 01256nam0 2200265 450 | |
| 001 | CAL 0120192748478 | |
| 005 | 20230217093113.0 | |
| 010 | @a978-7-101-15321-7@dCNY40.00 | |
| 100 | @a20211011d2021 em y0chiy0120 ea | |
| 101 | 0 | @achi |
| 102 | @aCN@b110000 | |
| 105 | @aaf z 000yy | |
| 106 | @ar | |
| 200 | 1 | @a二十四日@Aer shi si ri@d= It's a beautiful day!@f安意如著@zeng |
| 210 | @a北京@c中华书局@d2021.09 | |
| 215 | @a276页, [12] 页图版@c彩图@d22cm | |
| 314 | @a安意如, 作家, 1984年生于安徽。擅写古典诗词赏析随笔, 作品在大众读者中影响广泛。 | |
| 330 | @a本书以中国传统的二十四节气为线索, 选取二十四个城市, 在一年一岁一日一时一城一池一人一事中, 融入作者对当下人们生活的观察与体悟。其中既有对节日风俗、生活仪式的记录, 也有对节气文化诗意情怀的感发。作者诗意地阐释了各个节气的节令时俗, 其中涉及月令、物候、花信, 以及古人农事生产、服饰饮馔、游乐诗赋。同时, 还收录了相应时令的插画与古琴曲, 力求通过读史、赏画、听琴, 全景式地展现千百年来融人人们日常生活的岁时文化精粹。 | |
| 510 | 1 | @aIt's a beautiful day!@zeng |
| 606 | 0 | @a二十四节气@Aer shi si jie qi@x风俗习惯@y中国@j通俗读物 |
| 690 | @aP462-49@v5 | |
| 690 | @aK892.18@v5 | |
| 701 | 0 | @a安意如,@Aan yi ru@f1984-@4著 |
| 801 | 0 | @aCN@bBJXHZP@c20230228 |
| 905 | @b1398724-7@dP462-49@e189@f4 | |
| 二十四日= It's a beautiful day!/安意如著.-北京:中华书局,2021.09 |
| 276页, [12] 页图版:彩图;22cm |
| ISBN 978-7-101-15321-7:CNY40.00 |
| 本书以中国传统的二十四节气为线索, 选取二十四个城市, 在一年一岁一日一时一城一池一人一事中, 融入作者对当下人们生活的观察与体悟。其中既有对节日风俗、生活仪式的记录, 也有对节气文化诗意情怀的感发。作者诗意地阐释了各个节气的节令时俗, 其中涉及月令、物候、花信, 以及古人农事生产、服饰饮馔、游乐诗赋。同时, 还收录了相应时令的插画与古琴曲, 力求通过读史、赏画、听琴, 全景式地展现千百年来融人人们日常生活的岁时文化精粹。 |
| ● |
| 相关链接 |
|
|
|
|
正题名:二十四日
索取号:P462-49/189
 
预约/预借
| 序号 | 登录号 | 条形码 | 馆藏地/架位号 | 状态 | 备注 |
| 1 | 1398724 | 213987248 | 第二样本阅览室/ [索取号:P462-49/189] | 在馆 | |
| 2 | 1398725 | 213987257 | 第三借阅区/ [索取号:P462-49/189] | 在馆 | |
| 3 | 1398726 | 213987266 | 第三借阅区/ [索取号:P462-49/189] | 在馆 | |
| 4 | 1398727 | 213987275 | 第三借阅区/ [索取号:P462-49/189] | 在馆 |